| 000 | 01326cab a22002295a 4500 | ||
|---|---|---|---|
| 001 | L140125 | ||
| 008 | 070905s2007 xxkd f s 000 0 eng d | ||
| 035 | _a(Sirsi) u140125 | ||
| 041 | 0 | _aeng | |
| 100 | 1 | _aLamond, Jessica | |
| 245 | 0 | 0 |
_aMeasuring the impact of flooding on UK house prices _ba new framework for small sample problems |
| 260 | _c2007 | ||
| 490 |
_aProperty Management _v25(4) 2007, 344-359(16) |
||
| 520 | _aResearch paper attempts to show the importance of information about the effect of flooding and flood risk on house prices. Such information is invaluable to both professional valuers and homeowners. Even after a relatively large flood, the number of properties affected is small and this presents problems for statistical analysts in terms of sample size. Presents a framework for analysing the effect on house value in the UK. The framework is substantially modified from estimation practices applied elsewhere. It attempts to allow transfer to multiple sites and is presented via empirical study. The data issues encountered are described. | ||
| 590 | _aKA | ||
| 651 | 4 |
_aUnited Kingdom _y |
|
| 690 | _aENVIRONMENTAL AND LAND CONSULTANCY-WATER RESOURCE MANAGEMENT-FLOODING | ||
| 690 |
_aResidential property _96266 |
||
| 700 | 1 | _aProverbs, David | |
| 700 | 1 | _aAdarkwah, Antwi | |
| 942 | _n0 | ||
| 999 |
_c79205 _d79205 |
||